Approximation algorithms (Record no. 1097)

000 -LEADER
fixed length control field 00526nam a22002054a 4500
001 - CONTROL NUMBER
control field 1097
003 - CONTROL NUMBER IDENTIFIER
control field BD-DhUET
008 - FIXED-LENGTH DATA ELEMENTS--GENERAL INFORMATION
fixed length control field 010605s2001 gw a b 001 0 eng
020 ## - INTERNATIONAL STANDARD BOOK NUMBER
International Standard Book Number 3540653678
040 ## - CATALOGING SOURCE
Original cataloging agency DLC
Transcribing agency DLC
Modifying agency BD-DhUET
082 00 - DEWEY DECIMAL CLASSIFICATION NUMBER
Classification number 005.1
Item number VAZ/2003
100 1# - MAIN ENTRY--PERSONAL NAME
Personal name Vazirani, Vijay V.
245 10 - TITLE STATEMENT
Title Approximation algorithms
250 ## - EDITION STATEMENT
Edition statement 1st ed.
260 ## - PUBLICATION, DISTRIBUTION, ETC. (IMPRINT)
Place of publication, distribution, etc. Berlin
Name of publisher, distributor, etc. Springer-Verlag
Date of publication, distribution, etc. 2003
300 ## - PHYSICAL DESCRIPTION
Extent xix, 380 p.
Other physical details ill.
Dimensions 25 cm.
504 ## - BIBLIOGRAPHY, ETC. NOTE
Bibliography, etc Includes bibliographies
650 #0 - SUBJECT ADDED ENTRY--TOPICAL TERM
Topical term or geographic name as entry element Computer algorithms
942 ## - ADDED ENTRY ELEMENTS (KOHA)
Koha item type General Book
Holdings
Koha item type Shelving location Not for loan Copy number Koha full call number Date acquired Koha date last seen Source of classification or shelving scheme Piece designation (barcode) Koha issues (times borrowed) Sublocation or collection (holding branch) Damaged status Price effective from Lost status Withdrawn status Koha date last borrowed Location (home branch) Koha normalized classification for sorting
General BookCirculation section 1005.1/VAZ/20032014-08-302014-08-30 106766 Central Library, BUET 2014-08-30   Central Library, BUET005_000000000000000_1VAZ2003
General BookCirculation section 2005.1/VAZ/20032014-08-302015-10-12 1080571Central Library, BUET 2014-08-30  2014-11-05Central Library, BUET005_000000000000000_1VAZ2003
General BookCirculation section 3005.1/VAZ/20032014-10-132022-12-17 1067671Central Library, BUET 2014-10-13  2022-12-03Central Library, BUET005_000000000000000_1VAZ2003
General BookCirculation section 4005.1/VAZ/20032016-05-292023-05-06 1080561Central Library, BUET 2016-05-29  2023-03-06Central Library, BUET005_100000000000000_VAZ_2003